000 00563nam a2200193Ia 4500
003 GCL
008 140319s9999 xx 000 0 ara d
040 _aGCL /
_cGCL
082 0 4 _a216
_bب ا
100 1 _aابن خليل الرحمن الهندى
245 1 0 _aاظهار الحق /
_cابن خليل الرحمن الهندى
260 _aبيروت :
_bدار الجيل ،
_c1988
300 _aمتعدد ؛
_c24 سم
490 _a
650 0 4 _aالاسلام
650 0 4 _aالفقه الاسلامى
650 0 4 _aالقران
942 _2ddc
_cBK
999 _c49530
_d49530